<?xml version="1.0" encoding="UTF-8"?>
<record
    xmlns:xsi="http://www.w3.org/2001/XMLSchema-instance"
    xsi:schemaLocation="http://www.loc.gov/MARC21/slim http://www.loc.gov/standards/marcxml/schema/MARC21slim.xsd"
    xmlns="http://www.loc.gov/MARC21/slim">

  <leader>02629na  a2200289   4500</leader>
  <controlfield tag="001">13606</controlfield>
  <controlfield tag="003">MIRAKIL</controlfield>
  <controlfield tag="005">20181213155135.0</controlfield>
  <controlfield tag="008">160919b        tu            000 0      </controlfield>
  <datafield tag="020" ind1=" " ind2=" ">
    <subfield code="a">9751937167</subfield>
  </datafield>
  <datafield tag="035" ind1=" " ind2=" ">
    <subfield code="a">13606</subfield>
  </datafield>
  <datafield tag="040" ind1=" " ind2=" ">
    <subfield code="a">Milas</subfield>
    <subfield code="b">tur</subfield>
    <subfield code="c">TR-AnCHP</subfield>
  </datafield>
  <datafield tag="082" ind1=" " ind2=" ">
    <subfield code="a">338.9</subfield>
    <subfield code="b">T96i 2004</subfield>
  </datafield>
  <datafield tag="090" ind1=" " ind2=" ">
    <subfield code="a">338.9 T96i 2004</subfield>
  </datafield>
  <datafield tag="111" ind1=" " ind2=" ">
    <subfield code="a">T&#xFC;rkiye &#x130;ktisat Kongresi</subfield>
    <subfield code="c">&#x130;zmir</subfield>
    <subfield code="d">2004</subfield>
    <subfield code="n">4.</subfield>
  </datafield>
  <datafield tag="245" ind1=" " ind2=" ">
    <subfield code="a">2004 T&#xFC;rkiye iktisat kongresi</subfield>
  </datafield>
  <datafield tag="246" ind1=" " ind2=" ">
    <subfield code="a">c.1: A&#xE7;&#x131;l&#x131;&#x15F; ve kapan&#x131;&#x15F; oturumlar&#x131; -- c.2: Geli&#x15F;me stratejileri makroekonomik politikalar tebli&#x11F; metinleri I -- c. 3:Geli&#x15F;me stratejileri makroekonomik politikalar tebli&#x11F; metinleri II -- c.4:&#x130;ktisadi sekt&#xF6;rlerde geli&#x15F;me stratejileri tebli&#x11F; metinleri I -- c.5: &#x130;ktisadi sekt&#xF6;rlerde geli&#x15F;me stratejileri tebli&#x11F; metinleri II -- c. 6:Sosyal sekt&#xF6;rlerde geli&#x15F;me stratejileri tebli&#x11F; metinleri-- c. 7:B&#xF6;lgesel geli&#x15F;me stratejileri tebli&#x11F; metinleri -- c. 8: K&#xFC;reselle&#x15F;me ve T&#xFC;rkiye'nin d&#x131;&#x15F; ekonomik ili&#x15F;kileri tebli&#x11F; metinleri -- c. 9:&#xDC;yelik perspektifinde T&#xFC;rkiye-Avrupa Birli&#x11F;i ili&#x15F;kileri tebli&#x11F; metinleri -- c. 10: Kamuda iyi y&#xF6;neti&#x15F;im tebli&#x11F; metinleri -- c.11:&#xC7;al&#x131;&#x15F;ma grubu raporlar&#x131; I -- c.12:&#xC7;al&#x131;&#x15F;ma grubu raporlar&#x131; II -- c.13: &#xC7;al&#x131;&#x15F;ma grubu raporlar&#x131; III -- c.14: &#xC7;al&#x131;&#x15F;ma grubu raporlar&#x131; IV -- c. 15: Panel oturumlar&#x131;</subfield>
  </datafield>
  <datafield tag="260" ind1=" " ind2=" ">
    <subfield code="a">[Ankara]</subfield>
    <subfield code="b">Devlet Planlama Te&#x15F;kilat&#x131;</subfield>
    <subfield code="c">[2004]</subfield>
  </datafield>
  <datafield tag="300" ind1=" " ind2=" ">
    <subfield code="a">15 c.</subfield>
    <subfield code="c">26 sm.</subfield>
  </datafield>
  <datafield tag="505" ind1=" " ind2=" ">
    <subfield code="a">c. 1. A&#xE7;&#x131;l&#x131;&#x15F; ve kapan&#x131;&#x15F; oturumlar&#x131; -- c. 2. Geli&#x15F;me stratejileri makroekonomik politikalar tebli&#x11F; metinleri I -- c. 3. Geli&#x15F;me stratejileri makroekonomik politikalar tebli&#x11F; metinleri II -- c. 4. &#x130;ktisadi sekt&#xF6;rlerde geli&#x15F;me stratejileri tebli&#x11F; metinleri I --  c. 5. &#x130;ktisadi sekt&#xF6;rlerde geli&#x15F;me stratejileri tebli&#x11F; metinleri II -- c. 6. Sosyal sekt&#xF6;rlerde geli&#x15F;me stratejileri tebli&#x11F; metinleri-  c. 7. B&#xF6;lgesel geli&#x15F;me stratejileri tebli&#x11F; metinleri --  c. 8. K&#xFC;reselle&#x15F;me ve T&#xFC;rkiye'nin d&#x131;&#x15F; ekonomik ili&#x15F;kileri tebli&#x11F; metinleri -- c. 9. &#xDC;yelik perspektifinde T&#xFC;rkiye-Avrupa Birli&#x11F;i ili&#x15F;kileri tebli&#x11F; metinleri -- c. 10. Kamuda iyi y&#xF6;neti&#x15F;im tebli&#x11F; metinleri -- c. 11. &#xC7;al&#x131;&#x15F;ma Grubu raporlar&#x131; I -- c. 12. &#xC7;al&#x131;&#x15F;ma Grubu raporlar&#x131; II -- c. 13. &#xC7;al&#x131;&#x15F;ma Grubu raporlar&#x131; III -- c. 14. &#xC7;al&#x131;&#x15F;ma Grubu raporlar&#x131; IV -- c. 15. Panel oturumlar&#x131;. </subfield>
  </datafield>
  <datafield tag="650" ind1=" " ind2=" ">
    <subfield code="a">&#x130;ktisat</subfield>
    <subfield code="z">Toplant&#x131;lar</subfield>
  </datafield>
  <datafield tag="651" ind1=" " ind2=" ">
    <subfield code="a">T&#xFC;rkiye</subfield>
    <subfield code="x">Ekonomi politikas&#x131;</subfield>
    <subfield code="y">Toplant&#x131;lar</subfield>
  </datafield>
  <datafield tag="651" ind1=" " ind2=" ">
    <subfield code="a">T&#xFC;rkiye</subfield>
    <subfield code="x">Ekonomik durum</subfield>
    <subfield code="y">Toplant&#x131;lar</subfield>
  </datafield>
  <datafield tag="651" ind1=" " ind2=" ">
    <subfield code="a">T&#xFC;rkiye</subfield>
    <subfield code="x">Ekonomik kalk&#x131;nma</subfield>
    <subfield code="y">Toplant&#x131;lar</subfield>
  </datafield>
  <datafield tag="651" ind1=" " ind2=" ">
    <subfield code="a">T&#xFC;rkiye</subfield>
    <subfield code="x">D&#x131;&#x15F; ekonomik ili&#x15F;kiler</subfield>
    <subfield code="y">Toplant&#x131;lar</subfield>
    <subfield code="z">AB</subfield>
  </datafield>
  <datafield tag="942" ind1=" " ind2=" ">
    <subfield code="2">dcc</subfield>
    <subfield code="c">BKS</subfield>
  </datafield>
  <datafield tag="952" ind1=" " ind2=" ">
    <subfield code="a">0001</subfield>
    <subfield code="b">0001</subfield>
    <subfield code="d">2016-08-15</subfield>
    <subfield code="e">2</subfield>
    <subfield code="l">0</subfield>
    <subfield code="o">338.9 T96i 2004</subfield>
    <subfield code="p">001249</subfield>
    <subfield code="r">2016-08-15 00:00:00</subfield>
    <subfield code="v">0.00</subfield>
    <subfield code="w">2016-08-15</subfield>
    <subfield code="y">BKS</subfield>
  </datafield>
  <datafield tag="952" ind1=" " ind2=" ">
    <subfield code="a">0001</subfield>
    <subfield code="b">0001</subfield>
    <subfield code="d">2016-09-04</subfield>
    <subfield code="e">2</subfield>
    <subfield code="l">0</subfield>
    <subfield code="o">338.9 T96i 2004</subfield>
    <subfield code="p">001250</subfield>
    <subfield code="r">2016-09-04 00:00:00</subfield>
    <subfield code="v">0.00</subfield>
    <subfield code="w">2016-09-04</subfield>
    <subfield code="y">BKS</subfield>
  </datafield>
  <datafield tag="952" ind1=" " ind2=" ">
    <subfield code="a">0001</subfield>
    <subfield code="b">0001</subfield>
    <subfield code="d">2016-09-04</subfield>
    <subfield code="e">2</subfield>
    <subfield code="h">c.2</subfield>
    <subfield code="l">0</subfield>
    <subfield code="o">338.9 T96i 2004</subfield>
    <subfield code="p">001251</subfield>
    <subfield code="r">2016-09-04 00:00:00</subfield>
    <subfield code="v">0.00</subfield>
    <subfield code="w">2016-09-04</subfield>
    <subfield code="y">BKS</subfield>
  </datafield>
  <datafield tag="952" ind1=" " ind2=" ">
    <subfield code="a">0001</subfield>
    <subfield code="b">0001</subfield>
    <subfield code="d">2016-09-04</subfield>
    <subfield code="e">2</subfield>
    <subfield code="h">c.3</subfield>
    <subfield code="l">0</subfield>
    <subfield code="o">338.9 T96i 2004</subfield>
    <subfield code="p">001252</subfield>
    <subfield code="r">2016-09-04 00:00:00</subfield>
    <subfield code="v">0.00</subfield>
    <subfield code="w">2016-09-04</subfield>
    <subfield code="y">BKS</subfield>
  </datafield>
  <datafield tag="952" ind1=" " ind2=" ">
    <subfield code="a">0001</subfield>
    <subfield code="b">0001</subfield>
    <subfield code="d">2016-09-04</subfield>
    <subfield code="e">2</subfield>
    <subfield code="h">c.4</subfield>
    <subfield code="l">0</subfield>
    <subfield code="o">338.9 T96i 2004</subfield>
    <subfield code="p">001253</subfield>
    <subfield code="r">2016-09-04 00:00:00</subfield>
    <subfield code="v">0.00</subfield>
    <subfield code="w">2016-09-04</subfield>
    <subfield code="y">BKS</subfield>
  </datafield>
  <datafield tag="952" ind1=" " ind2=" ">
    <subfield code="a">0001</subfield>
    <subfield code="b">0001</subfield>
    <subfield code="d">2016-09-04</subfield>
    <subfield code="e">2</subfield>
    <subfield code="h">c.5</subfield>
    <subfield code="l">0</subfield>
    <subfield code="o">338.9 T96i 2004</subfield>
    <subfield code="p">001254</subfield>
    <subfield code="r">2016-09-04 00:00:00</subfield>
    <subfield code="v">0.00</subfield>
    <subfield code="w">2016-09-04</subfield>
    <subfield code="y">BKS</subfield>
  </datafield>
  <datafield tag="952" ind1=" " ind2=" ">
    <subfield code="a">0001</subfield>
    <subfield code="b">0001</subfield>
    <subfield code="d">2016-09-04</subfield>
    <subfield code="e">2</subfield>
    <subfield code="h">c.7</subfield>
    <subfield code="l">0</subfield>
    <subfield code="o">338.9 T96i 2004</subfield>
    <subfield code="p">001255</subfield>
    <subfield code="r">2016-09-04 00:00:00</subfield>
    <subfield code="v">0.00</subfield>
    <subfield code="w">2016-09-04</subfield>
    <subfield code="y">BKS</subfield>
  </datafield>
  <datafield tag="952" ind1=" " ind2=" ">
    <subfield code="a">0001</subfield>
    <subfield code="b">0001</subfield>
    <subfield code="d">2016-09-04</subfield>
    <subfield code="e">2</subfield>
    <subfield code="h">c.8</subfield>
    <subfield code="l">0</subfield>
    <subfield code="o">338.9 T96i 2004</subfield>
    <subfield code="p">001256</subfield>
    <subfield code="r">2016-09-04 00:00:00</subfield>
    <subfield code="v">0.00</subfield>
    <subfield code="w">2016-09-04</subfield>
    <subfield code="y">BKS</subfield>
  </datafield>
  <datafield tag="952" ind1=" " ind2=" ">
    <subfield code="a">0001</subfield>
    <subfield code="b">0001</subfield>
    <subfield code="d">2016-09-04</subfield>
    <subfield code="e">2</subfield>
    <subfield code="h">c.9</subfield>
    <subfield code="l">0</subfield>
    <subfield code="o">338.9 T96i 2004</subfield>
    <subfield code="p">001257</subfield>
    <subfield code="r">2016-09-04 00:00:00</subfield>
    <subfield code="v">0.00</subfield>
    <subfield code="w">2016-09-04</subfield>
    <subfield code="y">BKS</subfield>
  </datafield>
  <datafield tag="952" ind1=" " ind2=" ">
    <subfield code="a">0001</subfield>
    <subfield code="b">0001</subfield>
    <subfield code="d">2016-09-18</subfield>
    <subfield code="e">2</subfield>
    <subfield code="h">c.10</subfield>
    <subfield code="l">0</subfield>
    <subfield code="o">338.9 T96i 2004</subfield>
    <subfield code="p">006092</subfield>
    <subfield code="r">2016-09-18 00:00:00</subfield>
    <subfield code="v">0.00</subfield>
    <subfield code="w">2016-09-18</subfield>
    <subfield code="y">BKS</subfield>
  </datafield>
  <datafield tag="952" ind1=" " ind2=" ">
    <subfield code="a">0001</subfield>
    <subfield code="b">0001</subfield>
    <subfield code="d">2016-09-18</subfield>
    <subfield code="e">2</subfield>
    <subfield code="h">c.11</subfield>
    <subfield code="l">0</subfield>
    <subfield code="o">338.9 T96i 2004</subfield>
    <subfield code="p">006093</subfield>
    <subfield code="r">2016-09-18 00:00:00</subfield>
    <subfield code="v">0.00</subfield>
    <subfield code="w">2016-09-18</subfield>
    <subfield code="y">BKS</subfield>
  </datafield>
  <datafield tag="952" ind1=" " ind2=" ">
    <subfield code="a">0001</subfield>
    <subfield code="b">0001</subfield>
    <subfield code="d">2016-09-18</subfield>
    <subfield code="e">2</subfield>
    <subfield code="h">c.12</subfield>
    <subfield code="l">0</subfield>
    <subfield code="o">338.9 T96i 2004</subfield>
    <subfield code="p">006094</subfield>
    <subfield code="r">2016-09-18 00:00:00</subfield>
    <subfield code="v">0.00</subfield>
    <subfield code="w">2016-09-18</subfield>
    <subfield code="y">BKS</subfield>
  </datafield>
  <datafield tag="952" ind1=" " ind2=" ">
    <subfield code="a">0001</subfield>
    <subfield code="b">0001</subfield>
    <subfield code="d">2016-09-18</subfield>
    <subfield code="e">2</subfield>
    <subfield code="h">c.13</subfield>
    <subfield code="l">0</subfield>
    <subfield code="o">338.9 T96i 2004</subfield>
    <subfield code="p">006095</subfield>
    <subfield code="r">2016-09-18 00:00:00</subfield>
    <subfield code="v">0.00</subfield>
    <subfield code="w">2016-09-18</subfield>
    <subfield code="y">BKS</subfield>
  </datafield>
  <datafield tag="952" ind1=" " ind2=" ">
    <subfield code="a">0001</subfield>
    <subfield code="b">0001</subfield>
    <subfield code="d">2016-09-18</subfield>
    <subfield code="e">2</subfield>
    <subfield code="h">c.14</subfield>
    <subfield code="l">0</subfield>
    <subfield code="o">338.9 T96i 2004</subfield>
    <subfield code="p">006096</subfield>
    <subfield code="r">2016-09-18 00:00:00</subfield>
    <subfield code="v">0.00</subfield>
    <subfield code="w">2016-09-18</subfield>
    <subfield code="y">BKS</subfield>
  </datafield>
  <datafield tag="952" ind1=" " ind2=" ">
    <subfield code="a">0001</subfield>
    <subfield code="b">0001</subfield>
    <subfield code="d">2016-09-18</subfield>
    <subfield code="e">2</subfield>
    <subfield code="h">c.15</subfield>
    <subfield code="l">0</subfield>
    <subfield code="o">338.9 T96i 2004</subfield>
    <subfield code="p">006097</subfield>
    <subfield code="r">2016-09-18 00:00:00</subfield>
    <subfield code="t">k.2</subfield>
    <subfield code="v">0.00</subfield>
    <subfield code="w">2016-09-18</subfield>
    <subfield code="y">BKS</subfield>
  </datafield>
  <datafield tag="952" ind1=" " ind2=" ">
    <subfield code="a">0001</subfield>
    <subfield code="b">0001</subfield>
    <subfield code="d">2016-09-18</subfield>
    <subfield code="e">2</subfield>
    <subfield code="h">c.11</subfield>
    <subfield code="l">0</subfield>
    <subfield code="o">338.9 T96i 2004</subfield>
    <subfield code="p">006098</subfield>
    <subfield code="r">2016-09-18 00:00:00</subfield>
    <subfield code="t">k.2</subfield>
    <subfield code="v">0.00</subfield>
    <subfield code="w">2016-09-18</subfield>
    <subfield code="y">BKS</subfield>
  </datafield>
  <datafield tag="952" ind1=" " ind2=" ">
    <subfield code="a">0001</subfield>
    <subfield code="b">0001</subfield>
    <subfield code="d">2016-09-18</subfield>
    <subfield code="e">2</subfield>
    <subfield code="h">c.12</subfield>
    <subfield code="l">0</subfield>
    <subfield code="o">338.9 T96i 2004</subfield>
    <subfield code="p">006099</subfield>
    <subfield code="r">2016-09-18 00:00:00</subfield>
    <subfield code="t">k.2</subfield>
    <subfield code="v">0.00</subfield>
    <subfield code="w">2016-09-18</subfield>
    <subfield code="y">BKS</subfield>
  </datafield>
  <datafield tag="952" ind1=" " ind2=" ">
    <subfield code="a">0001</subfield>
    <subfield code="b">0001</subfield>
    <subfield code="d">2016-09-18</subfield>
    <subfield code="e">2</subfield>
    <subfield code="h">c.13</subfield>
    <subfield code="l">0</subfield>
    <subfield code="o">338.9 T96i 2004</subfield>
    <subfield code="p">006100</subfield>
    <subfield code="r">2016-09-18 00:00:00</subfield>
    <subfield code="t">k.2</subfield>
    <subfield code="v">0.00</subfield>
    <subfield code="w">2016-09-18</subfield>
    <subfield code="y">BKS</subfield>
  </datafield>
  <datafield tag="952" ind1=" " ind2=" ">
    <subfield code="a">0001</subfield>
    <subfield code="b">0001</subfield>
    <subfield code="d">2016-09-18</subfield>
    <subfield code="e">2</subfield>
    <subfield code="h">c.14</subfield>
    <subfield code="l">0</subfield>
    <subfield code="o">338.9 T96i 2004</subfield>
    <subfield code="p">006101</subfield>
    <subfield code="r">2016-09-18 00:00:00</subfield>
    <subfield code="t">k.2</subfield>
    <subfield code="v">0.00</subfield>
    <subfield code="w">2016-09-18</subfield>
    <subfield code="y">BKS</subfield>
  </datafield>
  <datafield tag="999" ind1=" " ind2=" ">
    <subfield code="c">7335</subfield>
    <subfield code="d">7335</subfield>
  </datafield>
</record>
